Niektoré problémy devízovo-úverového systému vo vonkajších ekonomických vzťahoch ČSSR kandidátska dizertačná práca
Gespeichert in:
| 1. Verfasser: | |
|---|---|
| Körperschaft: | |
| Weitere Verfasser: | |
| Format: | Buch |
| Sprache: | Slowakisch |
| Veröffentlicht: |
Bratislava
1985
|
| Schlagworte: | |
| Tags: |
Keine Tags, Fügen Sie das erste Tag hinzu!
|
MARC
| LEADER | 00000nam a2200000 4500 | ||
|---|---|---|---|
| 001 | c002730 | ||
| 005 | 20230116104754.7 | ||
| 041 | 0 | |a slo | |
| 044 | |a SK | ||
| 245 | 1 | 0 | |a Niektoré problémy devízovo-úverového systému vo vonkajších ekonomických vzťahoch ČSSR |b kandidátska dizertačná práca |c Nguyen Minh Viet ; škol. Ľubomír Michník |
| 264 | 1 | |a Bratislava |c 1985 | |
| 300 | |a 210 s. | ||
| 610 | 2 | 0 | |a vzťahy hospodárske medzinárodné |
| 610 | 2 | 0 | |a ČSSR |
| 610 | 2 | 0 | |a deľba práce medzinárodná |
| 610 | 2 | 0 | |a vzťahy devízovo-finančné |
| 610 | 2 | 0 | |a devízy |
| 610 | 2 | 0 | |a ŠBČS Praha |
| 610 | 2 | 0 | |a ČOB Praha |
| 610 | 2 | 0 | |a kurz devízový |
| 610 | 2 | 0 | |a obchod zahraničný |
| 100 | 1 | |a Nguyen Minh Viet | |
| 700 | 1 | |a Michník, Ľubomír | |
| 710 | 2 | |a Vysoká škola ekonomická v Bratislave | |